[Event "7th Sinquefield Cup GCT 2019"]
[Site "Saint Louis"]
[Date "2019.08.17"]
[Round "1.3"]
[White "Ding, Liren"]
[Black "So, Wesley"]
[Result "1/2-1/2"]
[WhiteElo "2805"]
[BlackElo "2776"]
[Annotator "TA"]
[PlyCount "79"]
[EventDate "2019.08.17"]
[EventType "tourn"]
[EventCountry "USA"]
[SourceTitle "playchess.com"]
[Source "ChessBase"]
[SourceQuality "1"]

{[%evp 16,79,12,23,8,8,8,10,7,5,19,11,11,11,17,12,18,17,16,16,11,11,35,41,32,32,47,30,48,31,66,22,47,32,54,41,43,10,10,4,4,0,0,0,0,0,0,0,0,0,0,0,0,0,0,0,0,0,0,0,0,0,0,0,0,0]} 1. c4 Nf6 2. g3 e6 3. Bg2 d5 4. Nf3 Be7 5. O-O O-O 6. d4 dxc4 7. Qc2 a6 8. a4 c5 9. dxc5 Bxc5 {E05: Open Catalan: 5 Nf3 Be7} 10. Qxc4 b6 11. Ne5 Ra7 $1 12. Nd3 Be7 13. Bf4 Bb7 14. Bxb7 Rxb7 15. Rc1 Nd5 {[#]} 16. Be5 $146 ({Predecessor:} 16. Bxb8 b5 17. axb5 axb5 {½-½ (39) Aronian,L (2794)-Hou,Y (2654) Karlsruhe/Baden-Baden 2018}) 16... Bd6 {[#] Strongly threatening ...Rc7.} 17. Nd2 Bxe5 18. Nxe5 b5 19. Qd4 bxa4 20. Rxa4 Qb6 21. Nd3 Rd8 22. Ne4 Nd7 23. Nec5 Nxc5 24. Rxc5 Nf4 25. Qxf4 {[#] And now Rb4 would win.} Rxd3 $1 26. Rc8+ Rd8 {The position is equal.} 27. Rac4 {White threatens R4c7 and mate.} h6 $1 28. R4c6 Rxc8 29. Rxc8+ $11 {[%mdl 4096] Endgame KQR-KQR} Kh7 30. Qe4+ f5 31. Qc4 Qb3 32. Qxb3 Rxb3 {KR-KR} 33. Rc6 Rxb2 34. Rxe6 a5 35. Ra6 Rxe2 36. Rxa5 Kg6 37. Ra6+ Kh7 38. Ra5 Kg6 39. Ra6+ Kh7 40. Ra5 {Accuracy: White = 67%, Black = 50%.} 1/2-1/2

[Event "7th Sinquefield Cup GCT 2019"]
[Site "Saint Louis"]
[Date "2019.08.19"]
[Round "3.3"]
[White "Ding, Liren"]
[Black "Vachier-Lagrave, Maxime"]
[Result "1/2-1/2"]
[WhiteElo "2805"]
[BlackElo "2778"]
[Annotator "TA"]
[PlyCount "99"]
[EventDate "2019.08.17"]
[EventType "tourn"]
[EventCountry "USA"]
[SourceTitle "playchess.com"]
[Source "ChessBase"]
[SourceQuality "1"]

{[%evp 18,99,0,0,8,11,11,7,0,16,17,0,0,0,22,0,18,22,52,27,42,35,41,37,36,27,68,8,8,8,8,8,8,8,9,12,12,6,14,0,0,-3,-10,0,0,0,0,0,0,0,0,0,0,0,0,0,0,0,0,0,0,-15,-15,-14,0,-10,0,0,0,0,0,0,0,0,0,0,0,0,0,0,0,0,0,0]} 1. d4 Nf6 2. c4 g6 3. Nc3 d5 4. cxd5 Nxd5 5. Bd2 Bg7 6. e4 Nb6 7. Be3 O-O 8. Be2 Nc6 {[%cal Bb8c6,Bc6a5,Ba5c4][%mdl 32]} 9. Nf3 Bg4 10. d5 Na5 {D90: Grünfeld: 4 Nf3 Bg7 sidelines} (10... Bxf3 11. gxf3 Ne5 12. Qb3 c5 13. f4 c4 14. Qc2 Nd3+ 15. Bxd3 cxd3 16. Qxd3 Rc8 17. Bd4 Bxd4 18. Qxd4 Nc4 19. b3 Nd6 20. O-O {½-½ (39) So,W (2812)-Topalov,V (2749) Paris 2017}) 11. Bd4 Bxf3 12. gxf3 {[#] Threatens to win with Bxg7.} Qd6 13. Bxg7 Kxg7 14. Qd2 {Hoping for Nb5.} Qf6 15. h4 Nac4 16. Qc1 {[#]} c6 $146 ({Predecessor:} 16... e5 17. Nd1 Nd6 18. h5 g5 19. Ne3 Qe7 {0-1 (43) Nikolov,M (2550)-Navara,D (2708) Rijeka 2010}) 17. h5 Kg8 18. a4 {aiming for a5.} a5 19. dxc6 bxc6 20. Nd1 {Strongly threatening hxg6.} Nd6 21. Ne3 Qd4 22. Ng4 (22. Ra3 $14) 22... f5 $132 {[%mdl 2048] The position is equal. Black has counterplay} ({Much worse is} 22... Nxa4 $6 23. hxg6 fxg6 24. e5 $16 (24. Qh6 Qb4+ 25. Kf1 Rf7 $18)) 23. Nh6+ $1 Kg7 $1 24. hxg6 hxg6 {[#]} 25. Nxf5+ $1 {[%mdl 512]} Nxf5 26. exf5 Rxf5 27. Qh6+ Kf6 28. Rd1 Qf4 29. Qh4+ (29. Bd3 {is more complex.} Re5+ 30. Kf1 Qxh6 31. Rxh6 Rg8 32. Rc1) 29... Qxh4 30. Rxh4 Nd5 31. Rc4 Nb4 32. f4 g5 33. fxg5+ Rxg5 34. Bf3 Rg1+ 35. Ke2 Rxd1 36. Kxd1 {[%mdl 4096] Endgame KRB-KRN} Ra6 37. Kd2 Ke5 38. Re4+ Kd6 39. Rd4+ Nd5 40. Rh4 Ra8 41. Rh6+ Kc5 42. Re6 Rf8 43. Bxd5 $1 Rxf2+ 44. Kc3 cxd5 45. Rxe7 {KR-KR} d4+ 46. Kd3 Rf3+ 47. Kc2 $1 Rf2+ 48. Kd3 Rf3+ 49. Kc2 Rf2+ 50. Kd3 {Accuracy: White = 65%, Black = 69%.} 1/2-1/2

[Event "7th Sinquefield Cup GCT 2019"]
[Site "Saint Louis"]
[Date "2019.08.21"]
[Round "5.4"]
[White "Ding, Liren"]
[Black "Giri, Anish"]
[Result "1-0"]
[WhiteElo "2805"]
[BlackElo "2779"]
[Annotator "TA"]
[PlyCount "93"]
[EventDate "2019.08.17"]
[EventType "tourn"]
[EventCountry "USA"]
[SourceTitle "playchess.com"]
[Source "ChessBase"]
[SourceQuality "1"]

{[%evp 14,93,18,16,30,10,25,9,19,0,0,0,0,0,26,18,20,22,35,19,32,32,27,24,33,12,39,13,28,3,27,5,10,11,19,16,39,43,33,35,37,34,64,60,71,48,95,49,97,65,78,68,91,83,169,163,172,142,229,224,450,436,380,261,559,541,1378,1370,1306,1306,1288,1253,1145,1190,1180,1172,1131,1110,29958,5804,29990,29984]} 1. d4 Nf6 2. c4 e6 3. Nf3 d5 4. Nc3 Bb4 5. Bg5 h6 6. Bxf6 Qxf6 7. Qa4+ Nc6 8. e3 O-O {D38: Queen's Gambit Declined: Ragozin Defence (4 Nf3 Bb4)} 9. Rc1 Rd8 10. Be2 dxc4 {The position is equal.} 11. Bxc4 Bxc3+ $146 ({Predecessor:} 11... Bd7 12. Qc2 Bd6 13. O-O a6 14. Rfd1 Qe7 15. a3 Rac8 16. Ba2 {1-0 (39) Navara,D (2737)-Leko,P (2678) Biel 2017}) 12. bxc3 Bd7 13. Be2 e5 {Strongly threatening ...Nxd4.} 14. Qc2 Bf5 15. Qb2 e4 16. Nd2 Na5 17. O-O c5 18. Rfd1 Rac8 19. Nf1 Bg6 20. Ng3 (20. Qb5 $5 {[%cal Rb5a5]} b6 21. Qa6 $11) 20... Qg5 21. Qb1 f5 22. dxc5 Rxc5 23. Rd4 Bf7 24. Rcd1 Rdc8 25. Bb5 g6 ({Much worse is} 25... Rxc3 $6 26. Bd7 $16) 26. Ne2 Qf6 27. Ba4 Qe5 28. Bb3 {Hoping for Bxf7+.} Nxb3 29. axb3 R5c7 30. c4 a6 31. Nf4 b5 {[%cal Rb5c4]} 32. Nd5 Rc6 {[%cal Rb5c4]} 33. c5 a5 ({Don't play} 33... Rxc5 34. Nb6 $16) (33... b4 $16) 34. b4 $1 $18 axb4 35. Qxb4 Rb8 (35... Kh7 $16 {was necessary.}) 36. Nb6 $1 {[%cal Rb6d7] Threatens to win with Nd7.} Be6 $2 (36... Qxc5 37. Qxc5 Rxc5) 37. Nd7 $1 {[%cal Rd7e5][%mdl 64] Overworked Piece} Bxd7 38. Rd5 {[#]} Qe7 $2 (38... Qxd5 $1 {[%mdl 512]} 39. Rxd5 Be6) 39. Rxd7 Qxc5 40. Qb3+ Qc4 {[#]} 41. Qb2 $1 {[%csl Gd7][%cal Rb2g7][%mdl 512]} Qc3 {[#]} 42. Qa2+ $1 Rc4 43. g3 Rbc8 44. R1d6 Kf8 45. Rxg6 b4 46. Rxh6 {White threatens Qd2 and mate.} f4 47. gxf4 {Accuracy: White = 75%, Black = 36%.} 1-0

[Event "7th Sinquefield Cup GCT 2019"]
[Site "Saint Louis"]
[Date "2019.08.24"]
[Round "7.1"]
[White "Ding, Liren"]
[Black "Anand, Viswanathan"]
[Result "1/2-1/2"]
[WhiteElo "2805"]
[BlackElo "2756"]
[Annotator "TA"]
[PlyCount "119"]
[EventDate "2019.08.17"]
[EventType "tourn"]
[EventCountry "USA"]
[SourceTitle "playchess.com"]
[Source "ChessBase"]
[SourceQuality "1"]

{[%evp 15,119,9,8,2,7,3,10,8,6,10,14,8,0,0,0,0,0,0,0,-122,-118,-132,-71,-321,-329,-366,-320,-343,-200,-208,-186,-191,-199,-180,-181,-360,-356,-400,-153,-145,-137,-108,-62,-52,-62,-57,-60,-60,-54,-59,-57,-55,-60,-125,-118,-122,-114,-137,-137,-137,-135,-137,-137,-137,-137,-137,-137,-136,-130,-218,-167,-167,-165,-253,-45,-44,-41,-40,-40,-41,-41,-41,-39,-45,-28,-28,-30,-48,-48,-52,-26,-26,-26,-26,-26,-26,-26,-26,-26,-26,8,0,0,0,0,0]} 1. d4 Nf6 2. c4 e6 3. g3 Bb4+ 4. Bd2 Be7 5. Bg2 d5 6. Nf3 O-O 7. O-O Nbd7 8. Qc2 c6 9. a4 {E11: Bogo-Indian} a5 10. Na3 Bd6 11. Ne1 Re8 $146 ({Predecessor:} 11... Qe7 12. Nd3 h6 13. Rfd1 Re8 14. Rac1 e5 15. dxe5 Nxe5 16. Nxe5 Bxe5 17. cxd5 Nxd5 {½-½ (39) Gelfand,B (2728)-Eljanov,P (2739) Geneva 2017}) 12. Nd3 e5 13. cxd5 e4 14. Nf4 cxd5 15. Nb5 Bb8 16. Rac1 Ra6 17. Bh3 (17. e3 $11 {keeps the balance.}) 17... Rc6 $36 {[%mdl 2048] Black is in control.} 18. Qb3 Nb6 19. Bxa5 $2 (19. Bxc8 $17 Nc4 20. Bxb7 Nxd2 21. Qa3) 19... Bxh3 $19 20. Nxh3 {[#]} Qc8 $1 {[%mdl 512]} 21. Kg2 Rxc1 (21... Nc4 $142 22. Rxc4 dxc4) 22. Rxc1 Qxc1 23. Bxb6 e3 $1 {[%cal Re3f2]} 24. f3 h5 25. Ba5 $2 {[#]} (25. Nc3 h4 26. g4) 25... h4 $1 {[%mdl 512]} 26. gxh4 Qc6 $2 (26... Ne4 $19 {has better winning chances.} 27. Ng1 b6 $1 {[%mdl 512]}) 27. Be1 $17 Nh5 $1 28. Bg3 Qc4 29. Qxc4 dxc4 30. Ng5 Nf6 31. Na3 Bxg3 32. hxg3 $15 {[%mdl 4096] Endgame KRN-KNN} Ra8 33. Nxc4 Rxa4 34. Nxe3 ({Better is} 34. Ne5 $1 $15) 34... Rxd4 $17 35. Kf2 Nd5 $1 36. Nf5 Rb4 $1 37. h5 Rxb2 38. h6 {White threatens h7+ and mate.} f6 39. Ne4 gxh6 40. Nxh6+ Kf8 41. Nf5 b5 {[%cal Bb7b5,Bb5b4][%mdl 32]} 42. Ne3 (42. Nd4 $17) 42... Nb6 43. Ke1 {[#]} b4 $1 44. Kd1 (44. Nd2 {is a better defense.}) 44... Na4 $2 (44... b3 $19 {Hoping for ...Na4.} 45. Nd2 {[#]} f5 $1 {[%mdl 512]}) 45. Nd5 $1 $15 f5 46. Nd2 $1 b3 47. e4 fxe4 48. fxe4 Kf7 49. g4 Nc5 {aiming for ...Ra2.} 50. Nb4 $1 Ke6 51. Kc1 Na4 {Threatens to win with ...Kf7.} 52. g5 Ke7 {White must now prevent ...Kf8.} 53. Nc6+ Kf7 {And now ...Rc2+ would win.} 54. Nd4 Kg6 55. N4xb3 Ra2 56. Nf3 Nc3 57. Nbd2 Rxd2 {[%mdl 64] Remove Defender} 58. Kxd2 {The position is equal.} Nxe4+ {[%mdl 64] Double Attack} 59. Ke3 Nxg5 60. Nxg5 {Accuracy: White = 53%, Black = 71%.} 1/2-1/2

[Event "7th Sinquefield Cup GCT 2019"]
[Site "Saint Louis"]
[Date "2019.08.26"]
[Round "9.1"]
[White "Ding, Liren"]
[Black "Caruana, Fabiano"]
[Result "1-0"]
[WhiteElo "2805"]
[BlackElo "2818"]
[Annotator "TA"]
[PlyCount "113"]
[EventDate "2019.08.17"]
[EventType "tourn"]
[EventCountry "USA"]
[SourceTitle "playchess.com"]
[Source "ChessBase"]
[SourceQuality "1"]

{[%evp 12,113,15,12,24,13,39,15,22,22,38,42,47,6,14,8,0,0,39,0,0,0,35,31,40,45,55,54,50,54,47,51,54,51,54,38,37,34,55,38,30,47,55,59,38,20,27,30,25,25,37,0,65,60,77,14,59,59,58,59,58,0,0,0,111,112,122,122,130,122,122,122,122,122,122,122,123,123,125,123,584,572,569,565,537,513,642,537,12843,12847,1912,418,29963,12648,29980,29981,29980,29981,29978,29978,29978,29979,29977,29975]} 1. d4 Nf6 2. c4 e6 3. Nf3 d5 4. Nc3 Be7 5. Bf4 O-O 6. e3 b6 7. Bd3 dxc4 {D37: Queen's Gambit Declined: 5 Bf4} 8. Bxc4 Ba6 9. Bxa6 Nxa6 {The position is equal.} 10. Qe2 Qc8 11. O-O Qb7 12. a3 c5 13. Nb5 {[#]} Rac8 $146 ({Predecessor:} 13... Ne4 14. Rac1 Rac8 15. Ne5 {½-½ (23) Carlsen,M (2835)-Nakamura,H (2746) St Petersburg 2018}) 14. b4 Nd5 15. bxc5 bxc5 16. Rab1 Rc6 17. Be5 Rb6 18. a4 {[%cal Ba3a4,Ba4a5][%mdl 32]} Nac7 19. dxc5 Bxc5 20. Rbc1 Nxb5 21. Rxc5 Nd6 22. a5 Rc6 23. Bxd6 Rxd6 24. Rfc1 h6 25. h3 Rfd8 26. Ne5 Nf6 27. Nc6 {Threatens to win with a6.} R8d7 28. a6 Qb6 29. Ne5 Rd8 30. Rc8 Qa5 31. f4 Rd2 ({Black should play} 31... Nd7 $11) 32. Qf3 {Strongly threatening Qb7.} R2d5 $1 33. R1c7 $36 {[%mdl 2048] White has some pressure.} (33. Rxd8+ $16 Qxd8 34. Rb1) 33... Kh7 (33... Qxa6 $5 {[%cal Rd8c8]} 34. Rxd8+ Rxd8 $16) 34. Kh2 $1 Rxc8 35. Rxc8 Qxa6 36. Ra8 (36. Rf8 $14 Nd7 37. Nxd7 Rxd7 38. Qe4+ f5 39. Rxf5 $1 {[%mdl 512]}) 36... Qb7 $11 37. Rf8 Rb5 (37... Qb4 $1 $11 38. Rxf7 Qb1) 38. Qf1 $1 $16 (38. Rxf7 $6 Qxf3 39. Nxf3 Nd5 $11) 38... Qd5 39. Nxf7 {Hoping for Rh8+.} ({But not} 39. Rxf7 $6 Rb7 $14) 39... Nd7 40. Rd8 {Ne5! is the strong threat.} Rb8 41. Rxb8 $1 Nxb8 42. Qb1+ $1 {[%mdl 64] Double Attack} Qf5 43. Qb7 {Black must now prevent Nd8.} ({Much weaker is} 43. Qxb8 $6 Qxf7 44. Qa8 Kg6 $11) 43... Nc6 {[#]} 44. Nd6 $1 {[%cal Rd6f5]} ({Much worse is} 44. Qxc6 $6 Qxf7 45. Qa4 Kg6 $11) 44... Qc5 45. Ne4 Qc2 $2 {[%mdl 8192]} (45... Qxe3 $16 46. Qxc6 Qxf4+ 47. Ng3 a5 48. Qxe6 h5 49. Qe4+ Qxe4 50. Nxe4 h4) 46. Nf6+ $1 $18 Kg6 47. Ne8 Qc3 48. e4 a5 49. Qd7 a4 50. Qxe6+ Kh7 {[#]} 51. e5 (51. Qf7 $142 $1 {e5 would kill now.} Nd8 52. Qd7 {[%mdl 64] Double Attack}) 51... Nd4 {[#]} (51... Nxe5 $18 52. fxe5 Qc5) 52. Qd7 $1 {[%csl Ge8][%cal Rd7g7]} Kg6 53. Qxg7+ {White mates.} Kf5 54. Nd6+ Kxf4 55. Qf6+ Ke3 56. e6 Kd3 57. e7 {Accuracy: White = 71%, Black = 49%.} 1-0

[Event "7th Sinquefield Cup GCT 2019"]
[Site "Saint Louis"]
[Date "2019.08.28"]
[Round "11.1"]
[White "Ding, Liren"]
[Black "Mamedyarov, Shakhriyar"]
[Result "1/2-1/2"]
[WhiteElo "2805"]
[BlackElo "2764"]
[Annotator "TA"]
[PlyCount "104"]
[EventDate "2019.08.17"]
[EventType "tourn"]
[EventCountry "USA"]
[SourceTitle "playchess.com"]
[Source "ChessBase"]
[SourceQuality "1"]

{[%evp 13,104,9,7,1,13,11,27,21,28,0,11,0,7,-27,-25,-25,-25,-32,-25,-25,-29,-36,-34,-33,-31,-31,-31,-32,-34,-30,-34,-31,-29,-34,0,0,0,0,0,0,0,0,0,0,0,0,0,-22,-23,-16,-10,-10,-10,-14,0,-4,0,0,0,-14,-11,-11,-11,-11,-11,-12,-8,-14,-7,-13,-8,-21,-14,-22,0,-8,-8,-11,-8,-10,-15,-21,-8,-10,0,-8,-20,-20,0,-8,0,-20,0]} 1. d4 Nf6 2. c4 g6 3. g3 Bg7 4. Bg2 O-O 5. Nc3 c5 6. Nf3 d5 7. dxc5 Qa5 8. O-O {D74: Fianchetto Grünfeld: Main Line (5 Nf3 0-0 6 cxd5 Nxd5 7 0-0)} dxc4 9. Qd4 Nc6 10. Qxc4 {White has an edge.} Be6 11. Qh4 Qxc5 12. Be3 (12. Ng5 Qc4 13. Nxe6 Qxh4 14. gxh4 fxe6 15. Bg5 h6 16. Bf4 Rad8 {1-0 (38) Sjugirov,S (2663)-Li,C (2724) Qinhuangdao 2018}) 12... Qa5 13. Nd4 $146 ({Predecessor:} 13. a3) 13... Nxd4 14. Qxd4 Nd5 15. Qc5 Qxc5 16. Bxc5 Rfc8 17. Bxd5 Rxc5 18. Bxe6 fxe6 19. Rfd1 Rac8 20. Rd7 R8c7 21. Rad1 Bxc3 22. Rxc7 Rxc7 23. bxc3 $11 {[%mdl 4096] Endgame KR-KR} Kf7 24. Rb1 e5 25. Kf1 b6 26. Rb3 Rc5 27. a4 Ra5 28. Rb4 Rc5 29. Rb3 Rc4 30. Ra3 Ke6 31. Ke1 $1 Kd5 {The position is equal.} 32. Kd2 e4 33. Ra1 g5 34. Kc2 Ke5 35. a5 b5 {[%cal Bb6b5,Bb5b4][%mdl 32]} 36. a6 b4 37. Ra5+ Kf6 38. Rb5 Rxc3+ 39. Kd2 Ra3 40. Rxb4 e3+ 41. fxe3 Rxa6 42. h4 h6 43. hxg5+ Kxg5 44. Re4 Kf6 45. Rh4 Kf5 46. Rf4+ Ke5 47. g4 e6 48. Rf7 Ra2+ 49. Kd3 Ra3+ 50. Kd2 Ra2+ 51. Kd3 Ra3+ 52. Kd2 Ra2+ {Accuracy: White = 75%, Black = 69%.} 1/2-1/2

[Event "7th Sinquefield Cup GCT 2019"]
[Site "Saint Louis"]
[Date "2019.08.29"]
[Round "13.1"]
[White "Ding, Liren"]
[Black "Carlsen, Magnus"]
[Result "1/2-1/2"]
[WhiteElo "2805"]
[BlackElo "2882"]
[Annotator "TA"]
[PlyCount "69"]
[EventDate "2019.08.17"]
[EventType "tourn"]
[EventCountry "USA"]
[SourceTitle "playchess.com"]
[Source "ChessBase"]
[SourceQuality "1"]

{[%evp 11,69,13,16,7,21,21,2,14,19,0,11,0,0,0,0,0,0,0,0,-7,0,0,0,0,0,0,0,0,0,-15,0,-4,0,0,0,0,0,0,0,0,6,10,10,6,10,4,4,2,8,2,16,0,0,0,0,0,0,0,0,0]} 1. d4 Nf6 2. c4 e6 3. g3 d5 4. Bg2 dxc4 5. Qa4+ Nbd7 6. Qxc4 a6 {The position is equal.} 7. Be3 {E03: Open Catalan: 5 Qa4+ Nbd7 6 Qxc4} Bd6 8. Nh3 (8. Qc2 O-O 9. Nh3 e5 10. O-O Ng4 11. Bg5 Qe8 12. dxe5 Ndxe5 13. Nc3 h6 14. Bf4 Nf6 {1-0 (55) So,W (2780)-Duda,J (2737) chess.com INT 2018}) 8... O-O 9. O-O h6 $146 ({Predecessor:} 9... Rb8 10. Rd1 Qe7 11. Qc2 b5 12. Nc3 Nb6 13. Ng5 Nc4 14. Bc1 c5 15. dxc5 Bxc5 {½-½ (47) Astaneh Lopez,A (2433)-Hague,B (2405) Batumi 2018}) 10. Nc3 b5 11. Qb3 Rb8 12. Nf4 Bb7 13. Bxb7 Rxb7 14. Nd3 Qe7 15. Rac1 Rbb8 16. Rfd1 Rfc8 17. a3 c5 18. dxc5 Nxc5 19. Bxc5 Bxc5 20. Nxc5 Rxc5 21. Na2 a5 22. Qe3 Rxc1 23. Nxc1 b4 24. axb4 Qxb4 25. Nd3 Qd6 26. Rc1 Nd5 27. Qd4 Qb6 28. Rc5 Qb3 29. Kg2 Qb7 {[#] ( -> ...Nf4+!)} 30. f3 Qa6 31. Kf2 a4 32. Qc4 Qa7 33. Qd4 {[#] And now Rc8+! would win.} Qa6 34. Qc4 Qa7 35. Qd4 {Accuracy: White = 75%, Black = 72%.} 1/2-1/2

[Event "7th Sinquefield Cup GCT 2019"]
[Site "Saint Louis"]
[Date "2019.08.29"]
[Round "14.1"]
[White "Ding, Liren"]
[Black "Carlsen, Magnus"]
[Result "1-0"]
[WhiteElo "2805"]
[BlackElo "2882"]
[Annotator "RC"]
[PlyCount "174"]
[EventDate "2019.08.17"]
[EventType "tourn"]
[EventCountry "USA"]
[SourceTitle "playchess.com"]
[Source "ChessBase"]
[SourceQuality "1"]
[TimeMode "Bronstein"]
[TimeControl "300+3"]

1. c4 {[%emt 0:00:00]} Nf6 {[%emt 0:00:00]} 2. g3 {[%emt 0:00:00]} e6 {[%emt 0:00:04]} 3. Bg2 {[%emt 0:00:00]} d5 {[%emt 0:00:03]} 4. Nf3 {[%emt 0:00:00]} dxc4 {[%emt 0:00:08]} 5. Qa4+ {[%emt 0:00:00]} Nbd7 {[%emt 0:00:03]} 6. Qxc4 {[%emt 0:00:00]} a6 {[%emt 0:00:03]} 7. Qc2 {[%emt 0:00:07]} c5 {[%emt 0:00:04]} 8. Nc3 {[%emt 0:00:11]} Qc7 {[%emt 0:01:29]} 9. d4 {[%emt 0:00:24]} cxd4 {[%emt 0:00:13]} 10. Nxd4 {[%emt 0:00:03]} Bc5 {[%emt 0:00:04]} 11. Nb3 {[%emt 0:00:05]} Bd6 {[%emt 0:00:06]} 12. O-O {[%emt 0:00:03]} O-O {[%emt 0:00:05]} 13. Rd1 {[%emt 0:00:06]} Be5 {[%emt 0:00:30]} 14. Be3 {[%emt 0:00:06]} Nd5 {[%emt 0:01:27]} 15. Bxd5 {[%emt 0:00:08]} exd5 {[%emt 0:00:03]} 16. Rac1 {[%emt 0:00:34]} Nf6 {[%emt 0:00:24]} 17. Nxd5 {[%emt 0:00:06]} Nxd5 {[%emt 0:00:09]} 18. Rxd5 {[%emt 0:00:12]} Qxc2 {[%emt 0:00:06]} 19. Rxc2 {[%emt 0:00:03]} Bf6 {[%emt 0:00:03]} 20. Nc5 {[%emt 0:00:10]} Re8 {[%emt 0:00:03]} 21. Bd4 {[%emt 0:00:13]} Be7 {[%emt 0:00:03]} 22. Re5 {[%emt 0:00:25]} f6 {[%emt 0:00:07]} 23. Re3 {[%emt 0:00:03]} Bf5 {[%emt 0:00:21]} 24. Rd2 {[%emt 0:00:42]} Bxc5 {[%emt 0:00:06]} 25. Rxe8+ {[%emt 0:00:13]} Rxe8 {[%emt 0:00:03]} 26. Bxc5 {[%emt 0:00:03]} Rc8 {[%emt 0:00:03]} 27. b4 {[%emt 0:00:07]} a5 {[%emt 0:00:04]} 28. a3 {[%emt 0:00:04]} axb4 {[%emt 0:00:03]} 29. axb4 {[%emt 0:00:03]} Rc7 {[%emt 0:00:03]} 30. f3 {[%emt 0:00:04]} Rd7 {[%emt 0:00:03]} 31. Ra2 {[%emt 0:00:03]} h5 {[%emt 0:00:03]} 32. Kf2 {[%emt 0:00:03]} Kf7 {[%emt 0:00:03]} 33. h4 {[%emt 0:00:06]} Be6 {[%emt 0:00:03]} 34. Ra8 {[%emt 0:00:04]} b5 {[%emt 0:00:03]} 35. e4 {[%emt 0:00:31]} Bc4 {[%emt 0:00:03]} 36. Ke3 {[%emt 0:00:05]} Rd3+ {[%emt 0:00:03]} 37. Kf4 {[%emt 0:00:03]} Rd7 {[%emt 0:00:10]} 38. Rh8 {[%emt 0:00:22]} Kg6 {[%emt 0:00:03]} 39. g4 {[%emt 0:00:03]} hxg4 {[%emt 0:00:04]} 40. fxg4 {[%emt 0:00:03]} Kf7 {[%emt 0:00:06]} 41. h5 {[%emt 0:00:03]} Bb3 {[%emt 0:00:03]} 42. e5 {[%emt 0:00:08]} fxe5+ {[%emt 0:00:03]} 43. Kxe5 {[%emt 0:00:03]} Rd5+ {[%emt 0:00:03]} 44. Kf4 {[%emt 0:00:03]} Rd1 {[%emt 0:00:03]} 45. Rf8+ {[%emt 0:00:03]} Ke6 {[%emt 0:00:03]} 46. Re8+ {[%emt 0:00:03]} Kf7 {[%emt 0:00:03]} 47. Rf8+ {[%emt 0:00:06]} Ke6 {[%emt 0:00:03]} 48. Kg5 {[%emt 0:00:03]} Bc2 {[%emt 0:00:04]} 49. Re8+ {[%emt 0:00:04]} Kf7 {[%emt 0:00:03]} 50. Re7+ {[%emt 0:00:03]} Kg8 {[%emt 0:00:03]} 51. Rb7 {[%emt 0:00:04]} Rd5+ {[%emt 0:00:03]} 52. Kh4 {[%emt 0:00:04]} Bd3 {[%emt 0:00:03]} 53. g5 {[%emt 0:00:03]} Rd8 {[%emt 0:00:06]} 54. g6 {[%emt 0:00:03]} Bc4 {[%emt 0:00:03]} 55. Kg5 {[%emt 0:00:14]} Rd5+ {[%emt 0:00:03]} 56. Kf4 {[%emt 0:00:03]} Rd8 {[%emt 0:00:03]} 57. Bd6 {[%emt 0:00:10]} Be2 {[%emt 0:00:03]} 58. Be5 {[%emt 0:00:11]} Bxh5 {[%emt 0:00:03]} 59. Kg5 {[%emt 0:00:09]} Be2 {[%emt 0:00:03]} 60. Rxg7+ {[%emt 0:00:03]} Kf8 {[%emt 0:00:03]} 61. Rf7+ {[%emt 0:00:03]} Ke8 {[%emt 0:00:03]} 62. Kf6 {[%emt 0:00:05]} Bc4 {[%emt 0:00:03]} 63. Rh7 {[%emt 0:00:03]} Rd1 {[%emt 0:00:03]} 64. Re7+ {[%emt 0:00:09]} Kd8 {[%emt 0:00:03]} 65. Ra7 {[%emt 0:00:03]} Rf1+ {[%emt 0:00:03]} 66. Kg7 {[%emt 0:00:03]} Ke8 {[%emt 0:00:03]} 67. Bf6 {[%emt 0:00:03]} Re1 {[%emt 0:00:03]} 68. Kh8 {[%emt 0:00:03]} Rh1+ {[%emt 0:00:03]} 69. Kg7 {[%emt 0:00:03]} Re1 {[%emt 0:00:03]} 70. Rb7 {[%emt 0:00:03]} Re2 {[%emt 0:00:03]} 71. Ra7 {[%emt 0:00:03]} Re1 {[%emt 0:00:03]} 72. Rc7 {[%emt 0:00:03]} Re2 {[%emt 0:00:03]} 73. Ra7 {[%emt 0:00:03]} Re1 {[%emt 0:00:03]} 74. Ra3 {[%emt 0:00:03]} Re2 {[%emt 0:00:04]} 75. Ra8+ {[%emt 0:00:03]} Kd7 {[%emt 0:00:03]} 76. Kf8 {[%emt 0:00:03]} Rf2 {[%emt 0:00:03]} 77. Kg7 {[%emt 0:00:03]} Rg2 {[%emt 0:00:03]} 78. Rd8+ {[%emt 0:00:03]} Ke6 {[%emt 0:00:03]} 79. Re8+ {[%emt 0:00:03]} Kd7 {[%emt 0:00:03]} 80. Re5 {[%emt 0:00:04]} Kd6 {[%emt 0:00:03]} 81. Re3 {[%emt 0:00:03]} Kd7 {[%emt 0:00:03]} 82. Re7+ {[%emt 0:00:03]} Kd6 {[%emt 0:00:03]} 83. Re3 {[%emt 0:00:03]} Kd7 {[%emt 0:00:03]} 84. Kh6 {[%emt 0:00:03]} Rh2+ {[%emt 0:00:03]} 85. Kg7 {[%emt 0:00:03]} Rg2 {[%emt 0:00:03]} 86. Bd4 {[%emt 0:00:03]} Rg4 87. Bc5 Rg2 1-0